00236nam a2200097Ia 4500100003100000654001300031245003500044260003300079082001400112546001200126 aShigley/ J.E/ Mischke/C.R  ahandbook aStd.handbook of machine design bMc Graw HillaNew Yorkc1986 a1.53bSHI aENGLISH